[Event "BL 8687 HSK-München 36"]
[Site "?"]
[Date "1987.??.??"]
[Round "?.1"]
[White "Unzicker, W."]
[Black "Chandler, M."]
[Result "1/2-1/2"]
[WhiteElo "2470"]
[BlackElo "2565"]
[PlyCount "53"]
[EventDate "1987.??.??"]

1. d4 Nf6 2. c4 e6 3. Nf3 b6 4. g3 Ba6 5. b3 Bb7 6. Bg2 Bb4+ 7. Bd2 a5 8. Nc3
O-O 9. O-O d5 10. Ne5 Nbd7 11. Qc2 Nxe5 12. dxe5 Ng4 13. cxd5 exd5 14. Nb5 Bxd2
15. Qxd2 Nxe5 16. Qc3 c6 17. Qxe5 cxb5 18. Rad1 Re8 19. Qb2 Qd6 20. Rd2 Re5 21.
Rfd1 Rae8 22. e3 b4 23. Qd4 h6 24. h4 Qc7 25. Qb2 Qc5 26. Qd4 Qc7 27. Qb2
1/2-1/2

[Event "BL 8687 HSK-München 36"]
[Site "?"]
[Date "1987.??.??"]
[Round "?.2"]
[White "Stein, B."]
[Black "Smejkal, J."]
[Result "0-1"]
[WhiteElo "2405"]
[BlackElo "2540"]
[PlyCount "34"]
[EventDate "1987.??.??"]

1. e4 e5 2. Nf3 Nc6 3. Bc4 Nf6 4. d4 exd4 5. O-O Nxe4 6. Re1 d5 7. Bxd5 Qxd5 8.
Nc3 Qd8 9. Nxe4 Be7 10. Bg5 f6 11. Nxf6+ gxf6 12. Bxf6 O-O 13. Bxe7 Nxe7 14. c3
Ng6 15. Re4 dxc3 16. Qb3+ Kh8 17. Qxc3+ Qf6 0-1

[Event "BL 8687 HSK-München 36"]
[Site "?"]
[Date "1987.??.??"]
[Round "?.3"]
[White "Nikolac, J."]
[Black "Wahls, M."]
[Result "1-0"]
[WhiteElo "2435"]
[BlackElo "2460"]
[PlyCount "51"]
[EventDate "1987.??.??"]

1. d4 Nf6 2. Nf3 c5 3. c3 Qa5 4. e3 g6 5. Nbd2 cxd4 6. exd4 d5 7. Bd3 Bg7 8.
O-O O-O 9. Ne5 Nc6 10. f4 Bf5 11. Bxf5 gxf5 12. Rf3 Rac8 13. Nf1 b5 14. Bd2 Qb6
15. Rh3 Na5 16. Ne3 Qe6 17. a4 b4 18. cxb4 Nc4 19. N5xc4 dxc4 20. d5 Qe4 21.
Bc3 Rfd8 22. Rg3 Kh8 23. Qe1 Rg8 24. Rd1 Nh5 25. Rxg7 Rxg7 26. Rd4 1-0

[Event "BL 8687 HSK-München 36"]
[Site "?"]
[Date "1987.??.??"]
[Round "?.4"]
[White "Schulte, O."]
[Black "Bastian, H."]
[Result "1-0"]
[WhiteElo "2325"]
[BlackElo "2375"]
[PlyCount "51"]
[EventDate "1987.??.??"]

1. d4 Nf6 2. c4 g6 3. Nc3 Bg7 4. e4 d6 5. Be2 O-O 6. Bg5 Nbd7 7. f3 a6 8. Nh3
c5 9. d5 b5 10. cxb5 axb5 11. Bxb5 Ba6 12. Bxa6 Rxa6 13. O-O Qb6 14. Qe2 Rb8
15. Nf2 Raa8 16. Rfb1 Ne8 17. Bd2 Nc7 18. a4 Bd4 19. Kf1 c4 20. Ng4 Nc5 21. Be3
Bxc3 22. Bxc5 Qxc5 23. bxc3 Rxb1+ 24. Rxb1 Rxa4 25. Rb8+ Kg7 26. Qd2 1-0

[Event "BL 8687 HSK-München 36"]
[Site "?"]
[Date "1987.??.??"]
[Round "?.6"]
[White "Reefschlaeger, H."]
[Black "Pichler, J."]
[Result "1/2-1/2"]
[WhiteElo "2375"]
[BlackElo "2325"]
[PlyCount "56"]
[EventDate "1987.??.??"]

1. d4 Nf6 2. c4 d6 3. Nf3 Nbd7 4. g3 e5 5. Nc3 Be7 6. Bg2 O-O 7. O-O c6 8. Qc2
Re8 9. Rd1 Bf8 10. e4 a6 11. d5 cxd5 12. cxd5 b5 13. b4 Nb6 14. Nd2 Bg4 15. f3
Rc8 16. Qd3 Bd7 17. Bb2 g6 18. Ne2 Na4 19. Bc1 Qb6+ 20. Kh1 Bh6 21. Rb1 Rc7 22.
Nf1 Bxc1 23. Rdxc1 Rec8 24. Rxc7 Rxc7 25. Qd2 Qf2 26. Rc1 Rxc1 27. Nxc1 Qxd2
28. Nxd2 Nh5 1/2-1/2

[Event "BL 8687 HSK-München 36"]
[Site "?"]
[Date "1987.??.??"]
[Round "?.7"]
[White "Goetz, R."]
[Black "Gruenberg, Ra"]
[Result "0-1"]
[WhiteElo "2320"]
[BlackElo "2255"]
[PlyCount "100"]
[EventDate "1987.??.??"]

1. e4 c5 2. Nf3 Nc6 3. d4 cxd4 4. Nxd4 g6 5. Be2 Bg7 6. Nb3 Nf6 7. Nc3 O-O 8.
O-O a5 9. a4 Nb4 10. Bg5 h6 11. Bh4 g5 12. Bg3 d5 13. exd5 Nfxd5 14. Nxd5 Nxd5
15. Qd2 Bf5 16. Rad1 e6 17. c4 Qb6 18. Nd4 Ne7 19. Nb5 e5 20. Qc3 Qc5 21. Qe3
b6 22. Rd6 Rab8 23. Qxc5 bxc5 24. f3 Bc2 25. Bf2 Nf5 26. Rd2 Bxa4 27. Bxc5 Rfc8
28. Ba7 Rd8 29. Rxd8+ Rxd8 30. Nc3 Bc6 31. Rd1 Nd4 32. Kf2 Ra8 33. Bb6 Bf8 34.
Ne4 a4 35. Bd3 a3 36. bxa3 Rxa3 37. Bc7 Ra2+ 38. Kf1 Bg7 39. Ng3 g4 40. Be4
gxf3 41. Bxc6 Nxc6 42. gxf3 Nd4 43. Rd3 Rxh2 44. c5 Rc2 45. Bd6 Ne6 46. Rd5 Nf4
47. Rd1 Bf6 48. Ne4 Kg7 49. Rd2 Rc1+ 50. Kf2 Bh4+ 0-1

[Event "BL 8687 HSG-Bayern"]
[Site "?"]
[Date "1987.??.??"]
[Round "?.1"]
[White "Ribli, Z."]
[Black "Rostalski, W."]
[Result "1-0"]
[WhiteElo "2585"]
[BlackElo "2265"]
[PlyCount "45"]
[EventDate "1987.??.??"]

1. Nf3 d5 2. d4 Nf6 3. c4 e6 4. g3 Bb4+ 5. Nc3 O-O 6. Bg2 Ne4 7. Qc2 Nxc3 8.
bxc3 Be7 9. h4 Nd7 10. Ng5 Nf6 11. Bf4 h6 12. Be5 hxg5 13. hxg5 Ne4 14. Bxe4
dxe4 15. Qxe4 f5 16. Qh4 Kf7 17. Qh5+ g6 18. Qh7+ Ke8 19. Qxg6+ Kd7 20. Rh7 Qe8
21. Qg7 Rg8 22. Qh6 Kd8 23. Bf6 1-0

[Event "BL 8687 HSG-Bayern"]
[Site "?"]
[Date "1987.??.??"]
[Round "?.2"]
[White "Breyther, R."]
[Black "Kindermann, S."]
[Result "1/2-1/2"]
[WhiteElo "2335"]
[BlackElo "2485"]
[PlyCount "128"]
[EventDate "1987.??.??"]

1. e4 c5 2. Nf3 Nc6 3. d4 cxd4 4. Nxd4 Nf6 5. Nc3 e6 6. Ndb5 d6 7. Bf4 e5 8.
Bg5 a6 9. Na3 b5 10. Nd5 Be7 11. Bxf6 Bxf6 12. c3 O-O 13. Be2 Bg5 14. Nc2 Be6
15. O-O Ne7 16. Ncb4 a5 17. Nxe7+ Qxe7 18. Nd5 Qb7 19. Qb3 Bxd5 20. exd5 Rab8
21. a3 f5 22. Rad1 e4 23. Qc2 Qc7 24. f3 exf3 25. Rxf3 g6 26. Kh1 Rfe8 27. Bf1
Re5 28. Qf2 Qe7 29. Qc2 Be3 30. Qb3 g5 31. Bd3 f4 32. Rh3 Bc5 33. Qc2 g4 34.
Rh6 Re1+ 35. Bf1 Rxd1 36. Qxd1 Qe3 37. Bd3 f3 38. Re6 fxg2+ 39. Kxg2 Qh3+ 40.
Kh1 g3 41. Qe2 Rf8 42. Qg2 Qxg2+ 43. Kxg2 Rf2+ 44. Kxg3 Rxb2 45. Re8+ Kf7 46.
Rb8 Rb3 47. Bxb5 Rxc3+ 48. Kf4 Bxa3 49. Rb7+ Kg6 50. Be8+ Kh6 51. Ra7 Bb4 52.
Bd7 Rc4+ 53. Kf5 Rh4 54. Kf6 Bc3+ 55. Ke7 Rxh2 56. Kxd6 Bb4+ 57. Ke5 Kg5 58.
Bb5 Bc3+ 59. Ke4 Rh4+ 60. Kd3 Bb4 61. d6 Bxd6 62. Rxa5 Rf4 63. Bd7+ Kf6 64.
Rf5+ Rxf5 1/2-1/2

[Event "BL 8687 HSG-Bayern"]
[Site "?"]
[Date "1987.??.??"]
[Round "?.3"]
[White "Bischoff, K."]
[Black "Kunsztowicz, U."]
[Result "1-0"]
[WhiteElo "2495"]
[BlackElo "2325"]
[PlyCount "159"]
[EventDate "1987.??.??"]

1. e4 g6 2. d4 Bg7 3. Nf3 c5 4. d5 d6 5. Bb5+ Nd7 6. a4 Ngf6 7. Nc3 O-O 8. O-O
Ne8 9. Re1 Nc7 10. Bc4 a6 11. Bf4 Ne5 12. Nxe5 dxe5 13. Be3 b6 14. Bf1 Qd6 15.
f3 Bb7 16. Nb1 e6 17. dxe6 Qxe6 18. a5 Rfd8 19. Nd2 b5 20. Bxc5 Bh6 21. Be3
Bxe3+ 22. Rxe3 Qd6 23. Rd3 Qc5+ 24. Kh1 Ne6 25. Nb3 Qc7 26. Qd2 Rxd3 27. Bxd3
Rd8 28. Qf2 Nd4 29. Nxd4 Rxd4 30. Kg1 Bc8 31. Qe3 Qd8 32. h3 Be6 33. Kh2 Kg7
34. Bf1 h5 35. b3 Kh7 36. Be2 Kg7 37. c3 Rd2 38. b4 Rd7 39. Rf1 Qc7 40. Rd1
Rxd1 41. Bxd1 Qd8 42. Be2 h4 43. Kg1 Qc7 44. Kf2 Kf6 45. Ke1 Ke7 46. Kd2 Ke8
47. Qg5 Qd8+ 48. Qxd8+ Kxd8 49. Ke3 g5 50. Kf2 Kc7 51. Bf1 Kb7 52. g3 hxg3+ 53.
Kxg3 Kc7 54. h4 gxh4+ 55. Kxh4 f6 56. Bh3 Bf7 57. Bf5 Kb7 58. Kg4 Kc7 59. f4
exf4 60. Kxf4 Kb7 61. Ke3 Kc7 62. Kd4 Bc4 63. Bh3 Kb7 64. Bg4 Kc7 65. Ke3 Bf7
66. Be2 Be6 67. Kd4 Kd6 68. c4 bxc4 69. Bxc4 Bc8 70. Bd5 Bd7 71. Ba8 Bc8 72.
Bd5 Bd7 73. Bc4 Bc8 74. Be2 Bb7 75. b5 axb5 76. Bxb5 Kc7 77. a6 Bc8 78. Kc5 f5
79. e5 f4 80. a7 1-0

[Event "BL 8687 HSG-Bayern"]
[Site "?"]
[Date "1987.??.??"]
[Round "?.5"]
[White "Hickl, J."]
[Black "Muender, M."]
[Result "1-0"]
[WhiteElo "2430"]
[BlackElo "2280"]
[PlyCount "102"]
[EventDate "1987.??.??"]

1. g3 Nf6 2. Bg2 g6 3. c4 Bg7 4. Nc3 d6 5. d3 O-O 6. Rb1 Nc6 7. b4 e5 8. b5 Ne7
9. Nf3 h6 10. O-O Be6 11. Nd2 Qc8 12. Re1 Bh3 13. Bh1 Ng4 14. Ba3 e4 15. Qc1
exd3 16. exd3 Bd4 17. Re2 Nf5 18. Nf3 Bg7 19. Nd5 Qd7 20. Nf4 Ne5 21. Rxe5 dxe5
22. Nxh3 Rfe8 23. Bg2 Qxd3 24. Ne1 Qd7 25. Bxb7 Nd4 26. Kg2 Rab8 27. Be4 f5 28.
Bd5+ Kh7 29. Qd2 Red8 30. Nd3 Qc8 31. Bb2 Rxd5 32. cxd5 Rxb5 33. Bxd4 Rxb1 34.
Bxe5 Qb7 35. Nc5 Qb5 36. Bxg7 Qf1+ 37. Kf3 Qxh3 38. Bc3 Qxh2 39. Qd4 Qh5+ 40.
Ke3 Qg5+ 41. Qf4 Qe7+ 42. Ne6 Rc1 43. Kd2 Rxc3 44. Kxc3 Qa3+ 45. Kd4 Qb2+ 46.
Kc5 Qb6+ 47. Kc4 Qa6+ 48. Kb4 Qb6+ 49. Kc3 c6 50. Qa4 Qxf2 51. Qxc6 Qxg3+ 1-0

[Event "BL 8687 Solingen-Koblenz"]
[Site "?"]
[Date "1987.??.??"]
[Round "?.2"]
[White "Short, N."]
[Black "Andruet, G."]
[Result "1-0"]
[WhiteElo "2615"]
[BlackElo "2365"]
[PlyCount "85"]
[EventDate "1987.??.??"]

1. e4 c6 2. d4 d5 3. e5 Bf5 4. h4 h5 5. c4 e6 6. Nc3 Be7 7. Nf3 Bg4 8. Be2 Nh6
9. Bg5 Nf5 10. Qd2 Bxf3 11. Bxf3 Nxh4 12. Bxh4 Bxh4 13. cxd5 cxd5 14. Qd3 Nc6
15. g3 Be7 16. Rxh5 Rxh5 17. Bxh5 g6 18. Bg4 Bb4 19. Kf1 Qg5 20. Bh3 Qh5 21.
Kg2 g5 22. f3 Ke7 23. Qb5 Rh8 24. Qxb7+ Kf8 25. Rh1 Qh7 26. Nd1 Qc2+ 27. Nf2 g4
28. fxg4 Bd2 29. g5 Be3 30. Qc8+ Ke7 31. Qc7+ Kf8 32. Rf1 Nxd4 33. Qd8+ Kg7 34.
Qf6+ Kg8 35. g6 Qxg6 36. Qxg6+ fxg6 37. Nd3 Kg7 38. Nc5 Rf8 39. Rxf8 Kxf8 40.
Bxe6 Nc6 41. Nd3 Bd4 42. b4 Nxe5 43. Nf4 1-0

[Event "BL 8687 Solingen-Koblenz"]
[Site "?"]
[Date "1987.??.??"]
[Round "?.4"]
[White "Lau, R."]
[Black "Schlick, V."]
[Result "1/2-1/2"]
[WhiteElo "2455"]
[BlackElo "2285"]
[PlyCount "58"]
[EventDate "1987.??.??"]

1. e4 c5 2. Nf3 Nc6 3. d4 cxd4 4. Nxd4 g6 5. c4 Bg7 6. Be3 Nf6 7. Nc3 O-O 8.
Be2 a5 9. f3 d6 10. O-O Nxd4 11. Bxd4 Bd7 12. Rc1 a4 13. Qd2 Bc6 14. Rfd1 Re8
15. Be3 Qa5 16. Nb5 Qxd2 17. Rxd2 Rec8 18. Na7 Rd8 19. Rcd1 Re8 20. b4 axb3 21.
axb3 Reb8 22. Ra2 Be8 23. Rdd2 b6 24. Nb5 Bxb5 25. cxb5 Nd7 26. Bc4 Bc3 27.
Rdc2 Bb4 28. Kf1 e6 29. Be2 Nc5 1/2-1/2

[Event "BL 8687 Solingen-Koblenz"]
[Site "?"]
[Date "1987.??.??"]
[Round "?.5"]
[White "Weidemann, J."]
[Black "Ostermeyer, P."]
[Result "0-1"]
[WhiteElo "2265"]
[BlackElo "2455"]
[PlyCount "85"]
[EventDate "1987.??.??"]

1. e4 c5 2. b3 d6 3. Bb2 e5 4. Bb5+ Nc6 5. Ne2 Nf6 6. f4 Nxe4 7. O-O Be7 8.
fxe5 O-O 9. Bxc6 bxc6 10. d3 Ng5 11. exd6 Bxd6 12. Qd2 Bg4 13. Nf4 Ne6 14. Nxe6
Bxe6 15. Qf2 Qc7 16. g3 Bh3 17. Re1 f5 18. Qf3 Qd7 19. Bc1 f4 20. gxf4 Rf6 21.
Kh1 Raf8 22. Nc3 Bxf4 23. Bxf4 Rxf4 24. Qe3 Bg4 25. Ne2 Bf3+ 26. Kg1 Qg4+ 27.
Ng3 h5 28. Qe6+ Qxe6 29. Rxe6 h4 30. Rg6 Kh7 31. Rg5 Kh6 32. Rxc5 hxg3 33. hxg3
Rg4 34. Rf1 Rxg3+ 35. Kf2 Rg2+ 36. Ke3 Re2+ 37. Kd4 Rf4+ 38. Kc3 g5 39. b4 g4
40. Rxc6+ Bxc6 41. Rxf4 g3 42. Rf6+ Kg7 43. Rf4 0-1

[Event "BL 8687 Solingen-Koblenz"]
[Site "?"]
[Date "1987.??.??"]
[Round "?.6"]
[White "Brunner, L."]
[Black "Doncevic, D."]
[Result "1/2-1/2"]
[WhiteElo "2395"]
[BlackElo "2355"]
[PlyCount "84"]
[EventDate "1987.??.??"]

1. d4 Nf6 2. Nf3 g6 3. Bg5 Bg7 4. Nbd2 c5 5. Bxf6 Bxf6 6. Ne4 Bxd4 7. Nxd4 cxd4
8. Qxd4 O-O 9. O-O-O Qa5 10. Kb1 Nc6 11. Qd2 Qxd2 12. Rxd2 d6 13. Nc3 Be6 14.
e4 Ne5 15. f4 Nc4 16. Bxc4 Bxc4 17. b3 Be6 18. f5 gxf5 19. exf5 Bxf5 20. Nd5
Rae8 21. Re1 Be6 22. Nc7 Rc8 23. Nxe6 fxe6 24. Rxe6 Rf7 25. a4 Rc5 26. Kb2 Kf8
27. b4 Rcf5 28. a5 a6 29. Rde2 R5f6 30. R6e3 Rf4 31. Kb3 Ke8 32. c4 Rf1 33. Kc2
Kd7 34. Re6 R1f5 35. R6e4 Rf4 36. Kd3 Rxe4 37. Kxe4 Rf1 38. Kd3 Rb1 39. Kc3
Rc1+ 40. Kd3 Rb1 41. Kc3 Rc1+ 42. Kd3 Rb1 1/2-1/2

[Event "BL 8687 Solingen-Koblenz"]
[Site "?"]
[Date "1987.??.??"]
[Round "?.7"]
[White "Bayer, E."]
[Black "Dueball, J."]
[Result "1/2-1/2"]
[WhiteElo "2310"]
[BlackElo "2445"]
[PlyCount "91"]
[EventDate "1987.??.??"]

1. d4 Nf6 2. c4 g6 3. g3 Bg7 4. Bg2 O-O 5. Nf3 d6 6. O-O Nbd7 7. Nc3 e5 8. e4
Re8 9. h3 exd4 10. Nxd4 Nc5 11. Re1 a5 12. Qc2 a4 13. Be3 c6 14. Rad1 Qa5 15.
Bf4 Nfd7 16. Bxd6 Ne5 17. b3 axb3 18. axb3 Rd8 19. Nde2 Ned3 20. Rxd3 Nxd3 21.
Qxd3 Be5 22. c5 Qxc5 23. Bxc5 Rxd3 24. Rc1 Be6 25. b4 Ra3 26. Nd1 Ra2 27. Bf1
Rdd2 28. Nf4 Bb3 29. Ne3 Bxf4 30. gxf4 Rxf2 31. f5 Rfd2 32. Nc4 Bxc4 33. Bxc4
Rac2 34. Rxc2 Rxc2 35. Bf1 gxf5 36. exf5 Kg7 37. Be7 f6 38. Bc5 Rb2 39. Bg2 b6
40. Bxb6 Rxb4 41. Be3 Rb5 42. Bxc6 Rxf5 43. Bg2 Re5 44. Bf2 Re2 45. Bf3 Rxf2
46. Kxf2 1/2-1/2

[Event "BL 8687 Solingen-Koblenz"]
[Site "?"]
[Date "1987.??.??"]
[Round "?.8"]
[White "Schneider, B1."]
[Black "Fritsche, L."]
[Result "1/2-1/2"]
[WhiteElo "2350"]
[BlackElo "2310"]
[PlyCount "148"]
[EventDate "1987.??.??"]

1. c4 e5 2. g3 Nc6 3. Bg2 g6 4. Nc3 Bg7 5. Nf3 d6 6. O-O Be6 7. d3 h6 8. Rb1
Qd7 9. b4 Bh3 10. Bxh3 Qxh3 11. Nd5 Qd7 12. e4 Nf6 13. Nxf6+ Bxf6 14. Be3 Qh3
15. b5 Nd8 16. Ne1 Ne6 17. Ng2 h5 18. Qf3 Ke7 19. Ne1 Bg5 20. Qg2 Qxg2+ 21.
Nxg2 Bxe3 22. Nxe3 h4 23. Kg2 Nc5 24. Rbd1 c6 25. f3 a6 26. bxc6 bxc6 27. d4
exd4 28. Rxd4 Rab8 29. Rd2 a5 30. Rfd1 hxg3 31. hxg3 Rhd8 32. Nc2 Ne6 33. f4
Rb2 34. f5 Nc5 35. Nd4 Rxd2+ 36. Rxd2 Kd7 37. e5 gxf5 38. Nxf5 Ne4 39. Rd1 Kc7
40. Rd4 d5 41. cxd5 cxd5 42. Ne7 Nc3 43. Rd3 Nxa2 44. Nxd5+ Kb7 45. Rb3+ Kc6
46. Ne7+ Kc5 47. Kf3 Nb4 48. Nf5 a4 49. Ra3 Kb5 50. Nd6+ Kc6 51. Rxa4 Nd3 52.
Nxf7 Rf8 53. e6 Nc5 54. Ra7 Nxe6 55. Kg2 Kd5 56. Ra5+ Nc5 57. Ng5 Rg8 58. Nh3
Kd4 59. Nf2 Nd7 60. Ra4+ Ke5 61. Nd3+ Kf5 62. Kf3 Ne5+ 63. Nxe5 Kxe5 64. Rf4
Rg5 65. g4 Rg6 66. Re4+ Kf6 67. Kf4 Kg7 68. Re7+ Kg8 69. Ra7 Rb6 70. Kg5 Rc6
71. Kh5 Rb6 72. g5 Rc6 73. Re7 Rb6 74. g6 Rb1 1/2-1/2

[Event "BL 8687 Bochum-Heidelberg"]
[Site "?"]
[Date "1987.??.??"]
[Round "?.2"]
[White "Thesing, M."]
[Black "Mack, P."]
[Result "1-0"]
[WhiteElo "2290"]
[BlackElo "2280"]
[PlyCount "101"]
[EventDate "1987.??.??"]

1. d4 Nf6 2. Nf3 g6 3. Bg5 Bg7 4. c3 d5 5. e3 Nbd7 6. Nbd2 c5 7. Bd3 h6 8. Bh4
O-O 9. O-O Qb6 10. Qb3 Qxb3 11. axb3 g5 12. Bg3 Nh5 13. Bc7 f5 14. b4 c4 15.
Bc2 e6 16. b5 Nhf6 17. b3 cxb3 18. Bxb3 Ne8 19. Ba5 g4 20. Ne1 Ndf6 21. Bb4 Rf7
22. Nd3 Ne4 23. Nxe4 fxe4 24. Nf4 Nc7 25. c4 Bxd4 26. exd4 dxc4 27. Bxc4 Rxf4
28. Bd6 Rf7 29. Rfe1 Ne8 30. Be5 Nf6 31. Bxf6 Rxf6 32. Rxe4 h5 33. d5 exd5 34.
Bxd5+ Kf8 35. Re5 Rh6 36. Rae1 Bd7 37. Re7 Be8 38. Rxb7 Rd8 39. Re5 Rf6 40. g3
Rc8 41. Bc6 Rf7 42. Rxe8+ Rxe8 43. Rxf7+ Kxf7 44. Bxe8+ Kxe8 45. f4 Ke7 46. Kf2
Kd6 47. Ke3 Kd5 48. Kd3 Kc5 49. Ke4 Kxb5 50. Kd5 Kb6 51. Kd6 1-0

[Event "BL 8687 Bochum-Heidelberg"]
[Site "?"]
[Date "1987.??.??"]
[Round "?.3"]
[White "Neunhoeffer, H."]
[Black "Sonntag, H."]
[Result "0-1"]
[WhiteElo "2235"]
[BlackElo "2295"]
[PlyCount "94"]
[EventDate "1987.??.??"]

1. d4 Nf6 2. c4 e6 3. Nc3 d5 4. Bg5 Be7 5. e3 Nbd7 6. Nf3 O-O 7. Rc1 c6 8. Bd3
dxc4 9. Bxc4 Nd5 10. Bxe7 Qxe7 11. Ne4 N5f6 12. Ng3 e5 13. O-O exd4 14. Nxd4 g6
15. Qc2 c5 16. Nde2 Ne5 17. e4 b6 18. f4 Nxc4 19. Qxc4 Bb7 20. e5 Nd5 21. Qb3
f5 22. Nc3 Qe6 23. Rcd1 Rad8 24. Nxd5 Bxd5 25. Qd3 Rd7 26. b3 Rfd8 27. Qc2 Bb7
28. Ne2 Ba6 29. Rfe1 Bd3 30. Qc1 c4 31. bxc4 Qxc4 32. Qxc4+ Bxc4 33. Rxd7 Rxd7
34. Nc3 Kf7 35. Rc1 b5 36. a4 a6 37. axb5 axb5 38. Rb1 Rb7 39. Rb4 Ke7 40. Kf2
Kd7 41. Ke3 Kc6 42. Rb1 Ra7 43. Rb2 Kc5 44. Kd2 b4 45. Ne2 b3 46. Kc3 Ra1 47.
g3 Re1 0-1

[Event "BL 8687 Bochum-Heidelberg"]
[Site "?"]
[Date "1987.??.??"]
[Round "?.5"]
[White "Zuse, P."]
[Black "Backwinkel, P."]
[Result "0-1"]
[WhiteElo "2335"]
[BlackElo "2345"]
[PlyCount "138"]
[EventDate "1987.??.??"]

1. e4 c5 2. Nf3 e6 3. d4 cxd4 4. Nxd4 Nf6 5. Nc3 Nc6 6. Ndb5 d6 7. Bf4 e5 8.
Bg5 a6 9. Na3 Be6 10. Nc4 Rc8 11. Bxf6 Qxf6 12. Nb6 Rb8 13. Ncd5 Qd8 14. Bc4
Be7 15. O-O Bg5 16. c3 O-O 17. Qe2 Kh8 18. a4 f5 19. exf5 Bxf5 20. a5 e4 21.
Ne3 Bg6 22. Rfd1 Bf4 23. Be6 Ne5 24. Rd5 Qh4 25. Nf1 Rf6 26. g3 Qh6 27. Bg4
Rbf8 28. Nd7 Nxd7 29. Bxd7 Bg5 30. Rad1 Bh5 31. g4 Bf7 32. Rf5 Rxf5 33. Bxf5
Bb3 34. Rd4 d5 35. Rb4 Bc4 36. Rxc4 dxc4 37. Bxe4 Qe6 38. Ng3 Bd8 39. Bxb7 Qxe2
40. Nxe2 Bxa5 41. Bxa6 Rb8 42. Bxc4 Rxb2 43. Kg2 Bxc3 44. Ng1 Bd4 45. Nh3 h6
46. Bd3 g5 47. Bf5 Kg7 48. Bd7 Kf6 49. Bc8 Ke5 50. Bd7 Bc5 51. Bc8 Kf6 52. Kf1
Rb4 53. Ng1 Rb1+ 54. Kg2 Rb8 55. Ba6 Rb2 56. Be2 Ke5 57. Kf1 Kd5 58. Nf3 Be7
59. h4 gxh4 60. Ng1 Kd4 61. Kg2 Kc3 62. Ba6 Bc5 63. Ne2+ Kd2 64. f4 Rb3 65. Bc4
Ra3 66. Bb5 Bd6 67. g5 h3+ 68. Kf2 Bc5+ 69. Kf1 Rf3# 0-1

[Event "BL 8687 Bochum-Heidelberg"]
[Site "?"]
[Date "1987.??.??"]
[Round "?.6"]
[White "Wiemer, R."]
[Black "Mandl, Ru"]
[Result "1/2-1/2"]
[WhiteElo "2325"]
[BlackElo "2280"]
[PlyCount "89"]
[EventDate "1987.??.??"]

1. d4 d5 2. Nf3 c5 3. c3 e6 4. Bf4 Nc6 5. e3 Nf6 6. Nbd2 Bd6 7. Bg3 O-O 8. Bd3
Re8 9. Ne5 Bxe5 10. dxe5 Nd7 11. Nf3 Nf8 12. h4 f5 13. exf6 gxf6 14. e4 e5 15.
O-O c4 16. Be2 dxe4 17. Bxc4+ Be6 18. Nd2 f5 19. h5 Qg5 20. Qe2 Rad8 21. Rad1
Rd7 22. Bh2 Rg7 23. f4 exf3 24. Nxf3 Qg4 25. Nd2 Qxe2 26. Bxe2 Nd7 27. Nc4 f4
28. Nd6 Rb8 29. Bf3 Nf6 30. Rfe1 Bg4 31. Kf2 Bxf3 32. gxf3 Rd8 33. Nf5 Rgd7 34.
Rg1+ Kf8 35. Rxd7 Rxd7 36. Ke2 Nxh5 37. Rg5 Nf6 38. Bg1 b6 39. Bf2 e4 40. Bd4
Nxd4+ 41. Nxd4 exf3+ 42. Kxf3 Rd5 43. Rg2 Kf7 44. Kxf4 Nh5+ 45. Ke4 1/2-1/2

[Event "BL 8687 Koblenz-Bochum"]
[Site "?"]
[Date "1987.??.??"]
[Round "?.2"]
[White "Wolf, V."]
[Black "Thesing, M."]
[Result "1/2-1/2"]
[WhiteElo "2315"]
[BlackElo "2290"]
[PlyCount "44"]
[EventDate "1987.??.??"]

1. e4 c5 2. Nf3 e6 3. d4 cxd4 4. Nxd4 a6 5. Bd3 Nf6 6. c4 Qc7 7. Nc3 Nc6 8.
Nxc6 dxc6 9. O-O e5 10. a3 Bg4 11. Qc2 Bc5 12. b4 Bd4 13. Rb1 Rd8 14. h3 Bh5
15. Ne2 Bxe2 16. Qxe2 c5 17. Rb3 O-O 18. Bg5 Rd6 19. Kh1 h6 20. Bc1 Nd7 21. g3
Rc8 22. b5 axb5 1/2-1/2

[Event "BL 8687 Koblenz-Bochum"]
[Site "?"]
[Date "1987.??.??"]
[Round "?.3"]
[White "Sonntag, H."]
[Black "Andruet, G."]
[Result "0-1"]
[WhiteElo "2295"]
[BlackElo "2365"]
[PlyCount "73"]
[EventDate "1987.??.??"]

1. e4 c6 2. d4 d5 3. Nd2 dxe4 4. Nxe4 Nd7 5. Bc4 Ngf6 6. Ng5 e6 7. Qe2 Nb6 8.
Bd3 h6 9. N5f3 c5 10. dxc5 Bxc5 11. Ne5 Nbd7 12. Ngf3 Nxe5 13. Nxe5 O-O 14. O-O
b6 15. Qf3 Qc7 16. Re1 Bd4 17. Qg3 Nh5 18. Qg4 Bxe5 19. Qxh5 f5 20. h3 Bd6 21.
Qe2 e5 22. Bc4+ Kh8 23. Bd5 Bb7 24. Bxb7 Qxb7 25. c4 Rae8 26. Bd2 e4 27. Bc3 f4
28. Rad1 Re6 29. Qh5 Qe7 30. Rd5 Kh7 31. Qd1 f3 32. Qc2 fxg2 33. Bd4 Qh4 34.
Rxe4 Rxe4 35. Rxd6 Kg8 36. Qd3 Rff4 37. Rd8+ 0-1

[Event "BL 8687 Koblenz-Bochum"]
[Site "?"]
[Date "1987.??.??"]
[Round "?.5"]
[White "Wiemer, R."]
[Black "Schlick, V."]
[Result "0-1"]
[WhiteElo "2325"]
[BlackElo "2285"]
[PlyCount "106"]
[EventDate "1987.??.??"]

1. c4 Nf6 2. Nc3 g6 3. g3 d5 4. cxd5 Nxd5 5. Bg2 Nb6 6. Nf3 Bg7 7. d3 O-O 8.
O-O h6 9. d4 Nc6 10. d5 Na5 11. Nd4 Bd7 12. Nb3 Nac4 13. Qc2 Qc8 14. Rd1 c6 15.
Nd4 c5 16. Nf3 Bh3 17. b3 Bxg2 18. Kxg2 Nd6 19. Bb2 c4 20. Rac1 cxb3 21. axb3
Qc5 22. Qd3 Qb4 23. Na2 Qb5 24. Bxg7 Qxd3 25. Rxd3 Kxg7 26. Re1 Ne4 27. Nd2
Nxd2 28. Rxd2 Rac8 29. e4 Rfd8 30. Re3 Rc5 31. Nc3 Rdc8 32. Rdd3 g5 33. f4 g4
34. Kf2 Kf8 35. Ke2 Ra5 36. Kd2 Ra3 37. Ne2 Ra2+ 38. Kd1 Ra1+ 39. Kd2 Rh1 40.
Rc3 Rxh2 41. Rxc8+ Nxc8 42. Rc3 Nd6 43. Ke3 Nxe4 44. Kxe4 Rxe2+ 45. Kf5 Rd2 46.
Rc8+ Kg7 47. Ke5 Rd3 48. Rc7 Rxg3 49. Rxb7 h5 50. b4 a6 51. Kf5 Rd3 52. Ke4 Rd1
53. Ra7 Re1+ 0-1

[Event "BL 8687 Koblenz-Bochum"]
[Site "?"]
[Date "1987.??.??"]
[Round "?.6"]
[White "Weidemann, J."]
[Black "Roeder, M."]
[Result "1-0"]
[WhiteElo "2265"]
[BlackElo "2280"]
[PlyCount "63"]
[EventDate "1987.??.??"]

1. e4 c5 2. Nf3 d6 3. d4 cxd4 4. Qxd4 Nc6 5. Bb5 Bd7 6. Bxc6 Bxc6 7. Nc3 Nf6 8.
Bg5 e6 9. O-O-O Be7 10. Rhe1 O-O 11. Qd2 Qc7 12. Nd4 Rfc8 13. Kb1 b5 14. f3 b4
15. Nce2 a5 16. g4 Be8 17. Ng3 a4 18. Rc1 Ra5 19. h4 g6 20. Rg1 Rc5 21. Rg2 Qb7
22. Qd3 Kh8 23. Rcg1 a3 24. b3 Rc3 25. Qd1 e5 26. Ndf5 gxf5 27. gxf5 Bc6 28.
Bh6 Bf8 29. Bxf8 Rxf8 30. Qd2 Ng8 31. Qg5 f6 32. Qxg8+ 1-0

[Event "BL 8687 Koblenz-Bochum"]
[Site "?"]
[Date "1987.??.??"]
[Round "?.8"]
[White "Bayer, E."]
[Black "Ueter, H."]
[Result "1-0"]
[WhiteElo "2310"]
[BlackElo "2270"]
[PlyCount "119"]
[EventDate "1987.??.??"]

1. d4 Nf6 2. c4 c5 3. d5 e6 4. Nc3 exd5 5. cxd5 d6 6. g3 g6 7. Bg2 Bg7 8. Nf3
O-O 9. O-O a6 10. a4 Nbd7 11. Nd2 Nh5 12. Nc4 Ne5 13. Nxe5 Bxe5 14. f4 Bg7 15.
e4 Bd7 16. Re1 Re8 17. Bf3 b5 18. g4 Bd4+ 19. Kg2 Ng7 20. Ne2 Bf6 21. g5 Be7
22. Ng3 f6 23. h4 bxa4 24. Bd2 Rf8 25. Bc3 fxg5 26. fxg5 Rf4 27. Rh1 Qf8 28.
Qe2 Rb8 29. Qe3 Rb3 30. Ra3 Rf7 31. Rxb3 axb3 32. Bd1 Qd8 33. Bxb3 Bg4 34. Rf1
Rxf1 35. Kxf1 Qd7 36. Qf4 Qb5+ 37. Kg1 Qxb3 38. Qxg4 Qc2 39. Qc8+ Bf8 40. Bxg7
Kxg7 41. Qd7+ Kg8 42. Qe6+ Kg7 43. Qf6+ Kg8 44. h5 Bg7 45. Qe6+ Kf8 46. Qxd6+
Ke8 47. Qe6+ Kf8 48. Qc8+ Kf7 49. Qd7+ Kg8 50. Qe8+ Bf8 51. Qe6+ Kg7 52. Qf6+
Kg8 53. hxg6 hxg6 54. Qxg6+ Bg7 55. d6 Kh8 56. Qh5+ Kg8 57. d7 Qc1+ 58. Nf1
Bd4+ 59. Kg2 Qc2+ 60. Kh3 1-0

[Event "BL 8687 Heidelberg-Solingen"]
[Site "?"]
[Date "1987.??.??"]
[Round "?.5"]
[White "Ostermeyer, P."]
[Black "Zuse, P."]
[Result "1-0"]
[WhiteElo "2455"]
[BlackElo "2335"]
[PlyCount "116"]
[EventDate "1987.??.??"]

1. e4 c5 2. c3 Nf6 3. e5 Nd5 4. d4 cxd4 5. Nf3 d6 6. cxd4 e6 7. a3 Bd7 8. Bd3
Bc6 9. O-O Nd7 10. Qe2 Rc8 11. Bd2 Qb6 12. b4 a6 13. Rc1 Be7 14. Ra2 Rd8 15.
Rac2 Bb5 16. Bxb5 Qxb5 17. Qe4 N7b6 18. h4 O-O 19. Bg5 dxe5 20. Bxe7 Nxe7 21.
Rc5 Qa4 22. dxe5 Rd1+ 23. Kh2 Rxc1 24. Rxc1 Nbd5 25. Ng5 g6 26. Qf3 Nc6 27. Qg3
a5 28. h5 Kg7 29. hxg6 hxg6 30. Rc4 Rh8+ 31. Rh4 Rxh4+ 32. Qxh4 Kf8 33. Qh8+
Ke7 34. Nc3 Nxc3 35. Qf6+ Kd7 36. Qxf7+ Ne7 37. Qxe6+ Ke8 38. Qf7+ Kd7 39. e6+
Kd6 40. Qf4+ Kd5 41. Qc7 axb4 42. Qxe7 bxa3 43. Qd7+ Kc4 44. Qxa4+ Nxa4 45. e7
a2 46. e8=Q a1=Q 47. Qf7+ Kd3 48. Qxg6+ Kc4 49. Qe6+ Kb5 50. f4 Qh8+ 51. Kg3
Nc5 52. Qe2+ Kc6 53. Qf3+ Kc7 54. Qd5 Qc3+ 55. Kg4 b5 56. Qxc5+ Qxc5 57. Ne6+
Kd6 58. Nxc5 Kxc5 1-0